Las lenguas en la educación indígena bilingüe-bicultural : una práctica de planeación educativa innovadora (Record no. 140097)

MARC details
000 -CABECERA
campo de control de longitud fija 00649nab a2200205 a 4500
005 - FECHA Y HORA DE LA ÚLTIMA TRANSACCIÓN
campo de control 20210219160546.0
008 - ELEMENTOS DE LONGITUD FIJA--INFORMACIÓN GENERAL
campo de control de longitud fija 991125s1985 mx 000 0 spa u
035 ## - NÚMERO DE CONTROL DEL SISTEMA
Número de control de sistema UPN01000167988
100 1# - ASIENTO PRINCIPAL--NOMBRE PERSONAL
Nombre de persona Sosa Barrales, Maira Martha
222 ## - TÍTULO CLAVE
Título clave DESARROLLO ACADEMICO
245 ## - MENCIÓN DE TÍTULO
Título Las lenguas en la educación indígena bilingüe-bicultural : una práctica de planeación educativa innovadora
260 ## - PUBLICACIÓN, DISTRIBUCIÓN, ETC.
Lugar de publicación, distribución, etc. México
300 ## - DESCRIPCIÓN FÍSICA
Extensión 35-40
362 0# - FECHAS DE PUBLICACIÓN Y/O DESIGNACIÓN SECUENCIAL
Fecha de publicación y/o designación secuencial 2007 Año 15, nos. 40-41, ene.-ago.
653 0# - TERMINO DE INDIZACION - NO CONTROLADO
Término no controlado INDIGENAS
653 0# - TERMINO DE INDIZACION - NO CONTROLADO
Término no controlado EDUCACION BILINGÜE BICULTURAL
653 0# - TERMINO DE INDIZACION - NO CONTROLADO
Término no controlado EDUCACION PRIMARIA
653 0# - TERMINO DE INDIZACION - NO CONTROLADO
Término no controlado PLANEACION ESTRATEGICA
905 ## - TIPO DE MATERIAL
Tipo de material Articulo

No items available.